Possible records of Lynchailurus in southeweatern Colombia (Registro nro. 12871)

Detalles MARC
000 -CABECERA
Campo de control 006620000a22002050004500
090 ## - CLASIFICACIÓN LOCAL
Colección AR
Consecutivo 03836
041 0# - IDIOMA
Código de idioma para texto/pista de sonido o título separado
100 1# - ASIENTO PRINCIPAL--NOMBRE PERSONAL
Nombre personal Ruiz García, Manuel
245 10 - MENCION DE TITULO
Título Possible records of Lynchailurus in southeweatern Colombia
Version six or seven wild felid species?
650 14 - ASIENTO SECUNDARIO DE MATERIA - TERMINO TEMATICO
Término temático o nombre geográfico como elemento de entrada Fauna silvestre
650 14 - ASIENTO SECUNDARIO DE MATERIA - TERMINO TEMATICO
Término temático o nombre geográfico como elemento de entrada Felinos
650 14 - ASIENTO SECUNDARIO DE MATERIA - TERMINO TEMATICO
Término temático o nombre geográfico como elemento de entrada Distribución geográfica
650 14 - ASIENTO SECUNDARIO DE MATERIA - TERMINO TEMATICO
Término temático o nombre geográfico como elemento de entrada Nuevos reportes
651 #4 - ASIENTO SECUNDARIO DE MATERIA - NOMBRE GEOGRAFICO
-- Nariño
-- Colombia
653 ## - TERMINO DE INDIZACION - NO CONTROLADO
-- Lynchailurus
-- Lynchailurus colocolo
700 1# - ASIENTO SECUNDARIO - NOMBRE PERSONAL
Nombre personal Payan, C. E.
700 1# - ASIENTO SECUNDARIO - NOMBRE PERSONAL
Nombre personal Hernández Camacho, José Ignacio
773 1# - Item fuente:
Título Preprint
Paginas del Articulo 1-6
Lugar, editorial y fecha de publicación 2003
942 ## - ELEMENTOS ADICIONALES (KOHA)
Tipo de ítem Artículo
Existencias
Withdrawn status Lost status Damaged status No para préstamo Colección Ubicación Permanente Ubicación actual Fecha de adquisición Datos de publicación Seriada Total Checkouts Número topográfico Inventario / Código de Barras Date last seen Price effective from Forma de adquisición Tipo de material
      No para Préstamo Hemeroteca Bogotá Bogotá 27/02/2015 Fuera de circulación   AR 03836 014584 25/03/2015 25/03/2015   Artículo